| 000 | 00676nam a22002057a 4500 | ||
|---|---|---|---|
| 005 | 20150115113407.0 | ||
| 010 | _aENG-111515 | ||
| 020 |
_a9788174878526 _c750.00 |
||
| 035 | _aEN-95047 | ||
| 037 | _bDBAD/PUB | ||
| 082 | _a327.1720954 | ||
| 245 |
_aConflict resolution peace and Gandhi / _cedited by A.B.S.V.Ranga Rao [and] M.Lakshmipathi Raju |
||
| 260 |
_aNew Delhi _bRadha publications _c2013 |
||
| 270 |
_a4231/1,Ansari Road,Daryaganj _b New Delhi _e110002 |
||
| 300 |
_axxiv,306p. : _c22cm(pbk) |
||
| 500 | _aIncludes bibliographical references | ||
| 700 | _aRanga Rao,A.B.S.V. | ||
| 700 | _aLakshmipati, M. | ||
| 942 |
_2ddc _cEN _mCON _h327.1720954 |
||
| 999 |
_c90578 _d90578 |
||